| 000 | 00610nam a2200217Ia 4500 | ||
|---|---|---|---|
| 003 | GCL | ||
| 008 | 140319s9999 xx 000 0 eng d | ||
| 040 |
_aGCL / _cGCL |
||
| 082 | 0 | 4 |
_aCC _b398.9927 _bB A |
| 100 | 1 | _aBURCKHARDT, JOHN LEWIS | |
| 245 | 1 | 0 |
_aARABIC PROVERBS OR THE MANNERS AND CUSTOMS OF THE MODERN EGYPTIANS / _cBURCKHARDT, JOHN LEWIS |
| 260 |
_a[S.N] : _bCURZON PRESS ، _c1994 |
||
| 300 | _a283 P | ||
| 650 | 0 | 4 | _aMANNERS AND CUSTOMS |
| 650 | 0 | 4 | _aMODERN EGYPT |
| 650 | 0 | 4 | _aVOYAGES |
| 650 | 0 | 4 | _aPROVERBS |
| 650 | 0 | 4 | _aMODERN EGYPTIANS |
| 650 | 0 | 4 | _aEGYPTIAN SOCIETY |
| 942 |
_2ddc _cBK |
||
| 999 |
_c20633 _d20633 |
||